000 00934nam a2200253Ia 4500
001 ebr5000803
003 CaPaEBR
006 m u
007 cr cn|||||||||
008 010518s2001 vau s 000 0 eng d
040 _aCaPaEBR
_cCaPaEBR
035 _a(OCoLC)680632917
050 1 4 _aPR3567
_b.A1 2001eb
100 1 _aMilton, John,
_d1608-1674.
245 1 0 _aSonnets
_h[electronic resource] /
_cby John Milton.
260 _aBlacksburg, VA :
_bVirginia Tech,
_c2001.
300 _a5 p.
533 _aElectronic reproduction.
_bPalo Alto, Calif. :
_cebrary,
_d2011.
_nAvailable via World Wide Web.
_nAccess may be limited to ebrary affiliated libraries.
650 0 _aSonnets, English.
650 0 _aEnglish literature.
655 7 _aElectronic books.
_2local
710 2 _aebrary, Inc.
856 4 0 _uhttp://site.ebrary.com/lib/rucke/Doc?id=5000803
_zAn electronic book accessible through the World Wide Web; click to view
999 _c2989
_d2989